|
|
|
|
| LEADER |
00000nam a2200000 a 4500 |
| 001 |
vtls001398714 |
| 003 |
SK-MaSNL |
| 005 |
20260301071642.0 |
| 008 |
240318s1990 xx 0 und |
| 035 |
|
|
|a SNK000353158
|
| 040 |
|
|
|a SNK
|b slo
|c SNK
|e AACR2
|
| 100 |
1 |
|
|a Jungmann, Josef,
|d 1773-1847
|4 aut
|9 294049
|
| 245 |
1 |
0 |
|a Slovník Česko-Německý díl. 5 W-Ž
|
| 260 |
|
|
|a Praha
|b Academia
|c 1990
|
| 300 |
|
|
|a 988 s.
|
| 958 |
|
|
|a OND
|
| 999 |
|
|
|c 638521
|d 640451
|
| 952 |
|
|
|t P60, <04>, [BOOK], {604}
|a SNK
|b SNK
|y VYP
|7 0
|p 17A0254483
|o snkIB 64001/5 D1
|0 0
|1 1
|4 0
|d 2000-10-24
|l 0
|r 2005-01-02 00:00:00
|w 2026-02-23
|